000 00781nam a2200265 i 4500
001 bgj
003 BPK
005 20191002090815.0
008 s2001 enk g f |000 0 eng d
020 _a0194313484
040 _cBPK
041 0 _aeng
080 _a811.111'36
080 _a(07)
100 1 _aThomson, Audrey Jean
_d(1920- ).
245 1 0 _aA practical English grammar /
_cA. J. Thomson ; A. V. Martinet.
260 _aOxford :
_bOxford University Press,
_c2001.
300 _a383 pp ;
_c22 cm.
505 _aIncludes index.
650 4 _aEnglish language
_xGrammar
_vProblems, exercises, etc.
650 4 _aJęzyk angielski
_xgramatyka.
655 4 _aPodręcznik
700 1 _aMartinet, Agnes V.
_d(1921- ).
942 _cKS
_2UKD
999 _c48998
_d48998